000 00897cam a22002533a 4500
001 15019
003 PGUSA
005 20140828083325.0
008 050212s2005||||xxu|||||s|||||000 | eng d
040 _aPGUSA
_beng
042 _adc
050 4 _aTX
245 1 2 _aA Queens Delight :
_bThe Art of Preserving, Conserving and Candying. As also, A right Knowledge of making Perfumes, and Distilling the most Excellent Waters.
_h[electronic resource] /
_cAnonymous
260 _bProject Gutenberg,
_c2005
506 _aPublic domain in the USA.
516 _aElectronic text
653 _aFormulas, recipes, etc. -- Early works to 1800
653 _aTraditional medicine
653 _aMedicine, Popular -- Early works to 1800
653 _aCanning and preserving -- Early works to 1800
830 0 _aProject Gutenberg
_v15019
856 4 0 _uhttp://www.gutenberg.org/ebooks/15019
942 _cEB
999 _c244274
_d244274